000 00522nam a2200181Ia 4500
008 090124s9999 xx 000 0 und d
082 _b30643
100 _aबोकील संजीवनी
245 _a अभिमान
250 _a1
260 _bनीहारा प्रकाशन
_c1992
300 _a132
600 _aबोकील संजीवनी
630 _a अभिमान
700 _aबोकील संजीवनी
730 _a अभिमान
942 _cBOOK
999 _c96008
_d96008